| 000 | 00739nam a2200181 a 4500 | ||
|---|---|---|---|
| 005 | 20140414132111.0 | ||
| 008 | 110512s19uu xx 00 eng d | ||
| 020 | _a9780810984912 | ||
| 050 |
_aFIC _bK62 2010 |
||
| 100 | _aKinney, Jeff. | ||
| 245 |
_aDiary of a wimpy kid : the ugly truth / _cby Jeff Kinney. |
||
| 260 |
_aNew York : _bAmulet Books, _c2010. |
||
| 520 | _aWhile trying to find a new best friend after feuding with Rowley, middle-school slacker Greg Heffley is warned by older family members that adolescence is a time to act more responsibly and to think seriously about his future. | ||
| 650 |
_aMaturation (Psychology) _x Fiction. |
||
| 650 |
_aFamily life _xFiction. |
||
| 650 | _aHumorous stories. | ||
| 999 |
_c114765 _d114765 |
||